Random Filipino to English Words #12 - Statistics

General Stats
  • This quiz has been taken 11 times
  • The average score is 9 of 15
Answer Stats
Hint Answer % Correct
Wood Kahoy
100%
Color Kulay
100%
Fruit Prutas
100%
Time Oras
88%
Skin Balat
75%
Eat Kumain
75%
Glue Pandikit
75%
Guess Hulaan
50%
Close Malapit
50%
Flat Patag
50%
Boat Barko
38%
Pink Rosas
38%
So Kaya
25%
Grow Lumago
25%
Cut Gupit
13%
No matching quizzes found
Score Distribution
Percent of People with Each Score
Percentile by Number Answered
Your Score History
You have not taken this quiz